| 000 | 00845cam a22002055a 4500 | ||
|---|---|---|---|
| 001 | L156697 | ||
| 008 | 120626m18051809xxk f 000 0 eng d | ||
| 035 | _a(Sirsi) u156697 | ||
| 041 | 0 | _aeng | |
| 100 | 1 |
_aHughson, David _dd.1813 |
|
| 245 | 0 | 0 |
_aLondon _bbeing an accurate history and description of the British metropolis and its neighbourhood, to thirty miles extent, from an actual perambulation |
| 260 |
_aLondon _bprinted by W. Stratford, for J. Stratford, and sold by all other booksellers _c1805-09 |
||
| 300 |
_a6 v _bill, maps, ports. _c21 cm. |
||
| 520 | _aDavid Hughson = Edward Pugh. | ||
| 520 | _aLibrary holds two sets of this publication, and an extra copy of volume 1. | ||
| 583 |
_aCondition reviewed _c20120620 _lcondition level 2 and 4 (extra vol. 1) |
||
| 651 | 4 | _aLondon | |
| 690 |
_aInfrastructure _96246 |
||
| 942 | _n0 | ||
| 999 |
_c114365 _d114365 |
||